Catálogo
 En Linea

Bienvenida, la tortuga verde, va a Nueva York (Registro nro. 58659)

Detalles MARC
000 -LEADER
campo de control de longitud fija 00267nam a22000977a 4500
020 ## - NÚMERO INTERNACIONAL ESTÁNDAR DEL LIBRO
Número Internacional Estándar del Libro 9789945802078
100 1# - ENTRADA PRINCIPAL--NOMBRE DE PERSONA
Nombre de persona Florentino, Maritza
-- 87364
245 0# - MENCIÓN DEL TÍTULO
Título Bienvenida, la tortuga verde, va a Nueva York
264 ## - PRODUCCIÓN, PUBLICACIÓN, DISTRIBUCIÓN, FABRICACIÓN Y COPYRIGHT
Producción, publicación Santo Domingo :
Nombre del de productor, editor, distribuidor, fabricante Búho,
Fecha de producción, publicación, distribución, fabricación o copyright 2024.
300 ## - DESCRIPCIÓN - FÍSICA
Extensión Pestaña: 38 páginas ;
999 ## -
-- 58659
-- 58659
Existencias
Estatus retirado Estado de pérdida Fuente del sistema de clasificación o colocación Estado de daño Restricciones de uso No para préstamo Biblioteca de origen Biblioteca actual Fecha de adquisición Fuente de adquisición Total de préstamos Código de barras Visto por última vez Tipo de ítem Koha Nota pública Copia número
    Dewey Decimal Classification   Excluido de préstamo   Biblioteca Nacional Pedro Henríquez Ureña Biblioteca Nacional Pedro Henríquez Ureña 05.02.2025 Depósito Legal   2025-2876 08.04.2025 Folleto En proceso de descripción  
    Dewey Decimal Classification   Excluido de préstamo   Biblioteca Nacional Pedro Henríquez Ureña Biblioteca Nacional Pedro Henríquez Ureña 05.02.2025 Depósito Legal   2025-2878 08.04.2025 Folleto En proceso de descripción e.2

Con tecnología Koha